| 000 | 00559nam a2200157Ia 4500 | ||
|---|---|---|---|
| 008 | 200226s9999 xx 000 0 und d | ||
| 020 | _a978-1-119-49055-5 | ||
| 100 | _aTyson, Eric. | ||
| 245 |
_cEric Tyson, Jim Schell.-- _aSmall business for dummies / |
||
| 250 | _a5th edition | ||
| 260 |
_aNew Jersey : _bJohn Wiley & Sons, Inc. _c2018 |
||
| 300 |
_axviii , 436 pages : _billustrations ; _c24 cm. |
||
| 500 | _aincludes bibligraphical reference and indexes. | ||
| 650 | _aNew business enterprises -- management. | ||
| 650 | _aSmall business -- management. | ||
| 999 |
_c363002 _d363002 |
||